The forgotten son

Bibliographic Details
Main Author: Laird, Christa
Format: Book
Published: London : JM , 1990
Subjects:

MARC

LEADER 00000cam a2200000 7i4500
001 0000037429
005 20131002.0
008 131002
020 |a 0862034779 
090 0 0 |a LAI   |b ENG 
100 1 |a Laird, Christa 
245 1 4 |a The forgotten son   |c Christa Laird 
260 |a London :   |b JM ,   |c 1990 
650 0 |a Fiction in English, 1945   |z Texas 
999 |a 0000819149   |b Book   |c Adult Collection   |e Cawangan Segamat 
999 |a 0001243520   |b Book   |c Adult Collection   |e Perbadanan Perpustakaan Awam Johor